000 00608nam a2200217Ia 4500
003 OSt
005 20221007082957.0
006 a|||||r|||| 00| 0
007 ta
008 221006b |||||||| |||| 00| 0 eng d
024 _a44,571
037 _cDissertations
040 _aFLL
_cFLL
_beng
041 _2eng
_aeng
100 _aREKHA Km.
_9699970
245 0 _aJudicial activism in India
_b A shift from positive philosophy ( Interpretation) to social philosophy ( Interpretation)
260 _c2017
300 _a140p.
_ccm.
942 _cDIS
_2CC
999 _c1168363
_d1168363